Countries in size order - Statistics

General Stats
  • This quiz has been taken 92 times
  • The average score is 54 of 196
Answers on the Map
Answers color-coded by a green-red scale on the quiz's map according to % correct below.
 
Answer Stats
Country % Correct
Canada
100%
Russia
100%
China
95%
Brazil
93%
Australia
90%
India
90%
United States
90%
Argentina
88%
Algeria
85%
Kazakhstan
85%
Democratic Republic of the Congo
78%
Mexico
78%
Saudi Arabia
78%
Sudan
76%
Indonesia
73%
Iran
73%
Mongolia
73%
Libya
71%
Peru
71%
Chad
68%
Niger
66%
Angola
63%
Bolivia
63%
Colombia
63%
Egypt
63%
Ethiopia
63%
Mali
63%
Mauritania
63%
South Africa
63%
Chile
61%
Pakistan
61%
Turkey
61%
Afghanistan
59%
Central African Republic
59%
Mozambique
59%
Myanmar
59%
Namibia
59%
Nigeria
59%
Somalia
59%
South Sudan
59%
Tanzania
59%
Ukraine
59%
Venezuela
59%
Zambia
59%
Botswana
51%
Kenya
51%
Madagascar
51%
France
49%
Cameroon
46%
Iraq
46%
Morocco
46%
Papua New Guinea
46%
Spain
46%
Sweden
46%
Yemen
46%
Germany
44%
Japan
44%
Paraguay
44%
Thailand
44%
Turkmenistan
44%
Uzbekistan
44%
Finland
41%
Zimbabwe
41%
Norway
39%
Oman
37%
Poland
37%
Vietnam
37%
Italy
34%
Malaysia
34%
Philippines
34%
Ivory Coast
32%
Republic of the Congo
32%
United Kingdom
29%
Ecuador
27%
New Zealand
27%
Romania
27%
Burkina Faso
24%
Ghana
24%
Guinea
24%
Kyrgyzstan
24%
Laos
24%
Uganda
24%
Belarus
22%
Cambodia
22%
Gabon
22%
Guyana
22%
Syria
22%
Uruguay
22%
Vatican City
22%
Monaco
20%
Nepal
20%
Senegal
20%
Suriname
20%
Tunisia
20%
Eritrea
17%
Nauru
17%
North Korea
17%
Tajikistan
17%
Bangladesh
15%
Benin
15%
Bulgaria
15%
Nicaragua
15%
Tuvalu
15%
Cuba
12%
Greece
12%
Honduras
12%
Liberia
12%
Portugal
12%
San Marino
12%
Guatemala
10%
Hungary
10%
Iceland
10%
Liechtenstein
10%
Malawi
10%
South Korea
10%
Austria
7%
Czech Republic
7%
Dominican Republic
7%
Estonia
7%
Georgia
7%
Ireland
7%
Jordan
7%
Latvia
7%
Lithuania
7%
Marshall Islands
7%
Netherlands
7%
Serbia
7%
Sri Lanka
7%
Switzerland
7%
Taiwan
7%
Togo
7%
Andorra
5%
Azerbaijan
5%
Belgium
5%
Bhutan
5%
Bosnia and Herzegovina
5%
Burundi
5%
Cape Verde
5%
Comoros
5%
Costa Rica
5%
Croatia
5%
Denmark
5%
Fiji
5%
Haiti
5%
Kiribati
5%
Lesotho
5%
Luxembourg
5%
Maldives
5%
Malta
5%
Mauritius
5%
Micronesia
5%
Moldova
5%
North Macedonia
5%
Palau
5%
Panama
5%
Rwanda
5%
Saint Kitts and Nevis
5%
Samoa
5%
Sao Tome and Principe
5%
Seychelles
5%
Sierra Leone
5%
Singapore
5%
Slovakia
5%
Slovenia
5%
Tonga
5%
United Arab Emirates
5%
Vanuatu
5%
Albania
2%
Antigua and Barbuda
2%
Armenia
2%
Bahamas
2%
Bahrain
2%
Barbados
2%
Belize
2%
Brunei
2%
Cyprus
2%
Djibouti
2%
Dominica
2%
El Salvador
2%
Eswatini
2%
Gambia
2%
Grenada
2%
Israel
2%
Kosovo
2%
Kuwait
2%
Lebanon
2%
Montenegro
2%
Qatar
2%
Saint Lucia
2%
Saint Vincent and the Grenadines
2%
East Timor
0%
Equatorial Guinea
0%
Guinea-Bissau
0%
Jamaica
0%
Solomon Islands
0%
Trinidad and Tobago
0%
No matching quizzes found
Score Distribution
Percent of People with Each Score
Percentile by Number Answered
Your Score History
You have not taken this quiz